[Event "Iraklion op"]
[Site "Iraklion"]
[Date "1992.??.??"]
[Round "7"]
[White "Kotronias, Vasilios"]
[Black "Grivas, Efstratios"]
[Result "1-0"]
[WhiteElo "2560"]
[BlackElo "2465"]

1.e4 c5 2.Nf3 Nc6 3.d4 cxd4 4.Nxd4 Qb6 5.Nb3 Nf6 6.Nc3 e6 7.Bd3 d6 8.Be3 Qc7
9.f4 a6 10.Qf3 Be7 11.O-O-O b5 12.Kb1 Nd7 13.g4 Nb6 14.g5 Na4 15.Ne2 Bd7
16.f5 Ne5 17.Qh3 Nc5 18.Nf4 O-O-O 19.Qg3 Nxb3 20.axb3 Kb8 21.Rhf1 Qc6 22.Rf2 Rhe8
23.Nh5 g6 24.fxe6 Bxe6 25.Nf4 Bf8 26.Nxe6 fxe6 27.Qh3 Rd7 28.Rf6 Rde7 29.Bf4 Qc5
30.Qg3 Rc7 31.Rf1 Bg7 32.Bxe5 Qxe5 33.Qxe5 dxe5 34.Rf7 Ree7 35.R7f3 Re8 36.c3 Kb7
37.b4 Rd7 38.Kc2 Kc6 39.b3 h6 40.h4 hxg5 41.hxg5 Rh8 42.c4 Rh2+ 43.Kc3 Rh4
44.Rf7 Rf4 45.Rxd7 Kxd7 46.Ra1 bxc4 47.bxc4 Bf8 48.Rxa6 Rg4 49.c5 Rxg5 50.Bb5+ Kc7
51.Rc6+ Kb7 52.Rxe6 Rg1 53.Bc6+ Kc7 54.Kc4 g5 55.Kb5 g4 56.Rxe5 g3 57.Rg5 g2
58.e5 Bxc5 59.Rg7+ Kd8 60.Rxg2 Rxg2 61.Bxg2 Bf8 62.Ka5 Kc7 63.b5 Bc5 64.Ka6 Bd4
65.e6 Bc5 66.Bh3 Kb8 67.b6 Be7 68.Kb5  1-0

[Event "Iraklion op"]
[Site "Iraklion"]
[Date "1992.??.??"]
[Round "9"]
[White "Kalesis, Nikolaos"]
[Black "Grivas, Efstratios"]
[Result "1/2-1/2"]
[WhiteElo "2315"]
[BlackElo "2465"]

1.e4 c5 2.Nf3 Nc6 3.d4 cxd4 4.Nxd4 Qb6 5.Nb3 Nf6 6.Nc3 e6 7.Qe2 Bb4 8.Bd2 O-O
9.a3 Be7 10.g4 d5 11.g5 Nxe4 12.Nxe4 dxe4 13.Qxe4 e5 14.Bd3 g6 15.Be3 Qc7
16.Qg2 Be6 17.h4 Rfd8 18.Nd2 Nd4 19.Bxd4 Rxd4 20.f3 Rad8 21.h5 Rxd3 22.cxd3 Rxd3
23.hxg6 fxg6 24.O-O Qd7 25.Rf2 Bc5 26.Ne4 Bxf2+ 27.Qxf2 Qd4 28.Nc5 Rd1+ 29.Rxd1 Qxd1+
30.Kg2 Bd5 31.Qe3 Qd4 32.Kf2 Qxb2+ 33.Kg3 Qd4 34.Qxd4 exd4 35.Kf4 b6 36.Nd7 Bb7
37.Nf6+ Kf7 38.Nxh7 b5 39.Nf6 a5 40.Nd7 b4 41.axb4 axb4 42.Nc5 Bd5 43.Ke5 b3
44.Nd3 Bxf3 45.Kxd4 Be2 46.Nb2 Ke6 47.Kc3 Kf5 48.Kxb3 Kxg5 49.Kc2 Kf4 50.Kd2 Kf3
51.Na4 g5 52.Nc3 Bc4 53.Nd1 Bb5 54.Ne3 Ba6 55.Nd1  1/2-1/2

[Event "ISR-ch"]
[Site "ISR"]
[Date "1992.??.??"]
[Round "10"]
[White "Zaltz, Dov"]
[Black "Kogan, Artur"]
[Result "1-0"]
[WhiteElo "2300"]
[BlackElo "2350"]

1.e4 c5 2.Nf3 Nc6 3.d4 cxd4 4.Nxd4 Qc7 5.Nc3 e6 6.Be2 a6 7.O-O Nf6 8.Be3 Bb4
9.Nxc6 bxc6 10.Na4 Rb8 11.f4 Nxe4 12.c4 d5 13.c5 Qe7 14.a3 Ba5 15.Bd3 f5
16.Rc1 O-O 17.Bxe4 fxe4 18.Nb6 Qc7 19.Qd4 Rf7 20.b4 Bxb6 21.cxb6 Qd6 22.a4 Bb7
23.Qd2 Re8 24.Bd4 Rf5 25.Be5 Qd8 26.Qd4 Rf7 27.Rc3 Ree7 28.Re1 Qa8 29.a5 Rd7
30.Rg3 Qd8 31.Rg4 Qe7 32.Re3 Kf8 33.Reg3 g6 34.h4 Ke8 35.h5 Kd8 36.hxg6 hxg6
37.Rxg6 Kc8 38.Rg8+ Rd8 39.R8g7 Rdf8 40.Rxf7 Rxf7 41.Rg8+ Rf8 42.Bd6 Qxd6
43.Qe5 Qxe5 44.Rxf8+ Kd7 45.fxe5 c5 46.Rf7+  1-0

[Event "Katerini op"]
[Site "Katerini"]
[Date "1992.??.??"]
[Round "?"]
[White "Tolnai, Tibor"]
[Black "Vragoteris, Antonios"]
[Result "1-0"]
[WhiteElo "2495"]
[BlackElo "2340"]

1.e4 c5 2.Nf3 Nc6 3.d4 cxd4 4.Nxd4 Qb6 5.Nb3 Nf6 6.Nc3 e6 7.Be3 Qc7 8.Bd3 a6
9.f4 d6 10.Qf3 Be7 11.g4 b5 12.g5 Nd7 13.O-O-O Nb6 14.Kb1 Rb8 15.h4 Nc4 16.Bc1 O-O
17.h5 Bd7 18.Qg3 Rfc8 19.f5 N6e5 20.f6 Bd8 21.Rdf1 Be8 22.Nd4 Na3+ 23.bxa3 Qxc3
24.Bb2 Qc7 25.g6 fxg6 26.Nxe6 Qf7 27.hxg6 Qxg6 28.Bxe5 dxe5  1-0

[Event "Katowice op"]
[Site "Katowice"]
[Date "1992.??.??"]
[Round "2"]
[White "Lanc, Alois"]
[Black "Dabek, Roman"]
[Result "1/2-1/2"]
[WhiteElo "2470"]
[BlackElo "2340"]

1.e4 c5 2.Nf3 Nc6 3.d4 cxd4 4.Nxd4 Qc7 5.Nc3 e6 6.Be2 Nf6 7.f4 d6 8.Be3 a6
9.Qd2 Nxd4 10.Bxd4 e5 11.Be3 exf4 12.Bxf4 Be6 13.O-O-O Rd8 14.Rhg1 Be7 15.g4 Qa5
16.a3 d5 17.Nxd5 Qxd2+ 18.Bxd2 Nxd5 19.exd5 Bxd5 20.Bc3 f6 21.Rg3 Bc6 22.Re1 Bd6
23.Bxa6+ Kd7 24.Bd3 Bxg3 25.hxg3 Rde8 26.Rf1 h6 27.Bg6 Re2 28.Rf4 Ke7 29.a4 Rd8
30.b3 Re3 31.Bd4 Rxg3 32.a5 Rd5 33.Bb6 Kd7 34.Re4 Re5 35.Rd4+ Rd5 36.Re4  1/2-1/2

[Event "Katowice op"]
[Site "Katowice"]
[Date "1992.??.??"]
[Round "4"]
[White "Gorelov, Sergey G"]
[Black "Dabek, Roman"]
[Result "1/2-1/2"]
[WhiteElo "2435"]
[BlackElo "2340"]

1.e4 c5 2.Nf3 Nc6 3.d4 cxd4 4.Nxd4 Qc7 5.Nc3 e6 6.Be3 a6 7.Bd3 Nf6 8.O-O Ne5
9.h3 Nc4 10.Bc1 b5 11.Qe2 Bb7 12.Ndxb5 axb5 13.Nxb5 Qb8 14.Bxc4 Nxe4 15.Be3 Be7
16.Rfd1 d5 17.Bd3 Nc5 18.Bxc5 Bxc5 19.c4 dxc4 20.Be4 O-O 21.Bxb7 Qxb7 22.Qxc4 Qb6
23.Rd2 Rac8 24.Qf1 Rfd8 25.Rad1 Rxd2 26.Rxd2 h5 27.a3 h4 28.Rc2 Rb8 29.Qc4 Qxb5
30.Qxc5 Qxc5 31.Rxc5 Rxb2  1/2-1/2

[Event "JUG-ch"]
[Site "Kladovo"]
[Date "1992.??.??"]
[Round "4"]
[White "Smolovic, Mile"]
[Black "Kontic, Djordje"]
[Result "1-0"]
[WhiteElo "2340"]
[BlackElo "2375"]

1.e4 c5 2.Nf3 Nc6 3.d4 cxd4 4.Nxd4 Qc7 5.Nb5 Qb8 6.c4 Nf6 7.N5c3 e6 8.f4 d6
9.Be2 b6 10.O-O Bb7 11.Na3 Be7 12.Be3 O-O 13.Bf3 Nb4 14.Qb3 a5 15.Nab5 Nd7
16.Qd1 Nc5 17.a3 Nc6 18.b3 Bf6 19.Qc2 Rd8 20.Rad1 Bxc3 21.Nxc3 Qc7 22.Qb1 Qe7
23.Rfe1 Rd7 24.b4 axb4 25.axb4 Na4 26.Nb5 Na7 27.Qb3 Nxb5 28.cxb5 Bc8 29.e5 d5
30.f5 Rc7 31.f6 Qe8 32.Bd4 Qxb5 33.Be2 Qe8 34.Rd3 g6 35.Rh3 Ba6 36.b5 Bb7
37.Rh6 Kh8 38.Qh3 Qg8 39.Rf1 Nc5 40.Rf4 Ra1+ 41.Kf2 g5 42.Bd3 Ra2+ 43.Kg1  1-0

[Event "Kobanya op"]
[Site "Kobanya op"]
[Date "1992.??.??"]
[Round "3"]
[White "Fogarasi, Tibor"]
[Black "Orso, Miklos"]
[Result "1/2-1/2"]
[WhiteElo "2455"]
[BlackElo "2380"]

1.e4 c5 2.Nf3 Nc6 3.d4 cxd4 4.Nxd4 Qc7 5.Nc3 e6 6.f4 a6 7.Nxc6 Qxc6 8.Bd3 b5
9.Qe2 Bb7 10.Bd2 Ne7 11.a3 Nc8 12.O-O-O Nb6 13.f5 Nc4 14.Bxc4 Qxc4 15.Qh5 Qc5
16.Rhf1 g6 17.Qh3 gxf5 18.exf5 O-O-O 19.fxe6 fxe6 20.Rf7 h5 21.Kb1 Bh6 22.Bxh6 Rxh6
23.Qd3 Qc6 24.g3 Rhh8 25.a4  1/2-1/2

[Event "Kobanya op"]
[Site "Kobanya op"]
[Date "1992.??.??"]
[Round "6"]
[White "Frolov, Artur"]
[Black "Fogarasi, Tibor"]
[Result "1-0"]
[WhiteElo "2495"]
[BlackElo "2455"]

1.e4 c5 2.Nf3 Nc6 3.d4 cxd4 4.Nxd4 Qc7 5.Be3 e6 6.Nc3 a6 7.Qd2 Nf6 8.f3 b5
9.Nxc6 dxc6 10.O-O-O Be7 11.g4 O-O 12.g5 Rd8 13.Qf2 Rxd1+ 14.Nxd1 Nd7 15.h4 e5
16.Bh3 Nf8 17.Bxc8 Qxc8 18.Kb1 a5 19.Qh2 Qe6 20.Nf2 a4 21.Ng4 Nd7 22.Rd1 a3
23.b3 Re8 24.Qd2 Nf8 25.Qc3 Nd7 26.h5 b4 27.Qd2 Nf8 28.Qe1 Nd7 29.c3 bxc3
30.Qxc3 Rb8 31.h6 g6 32.Rxd7 Qxd7 33.Qxe5 Qd3+ 34.Kc1 Bf8 35.Nf6+ Kh8 36.Nd5+  1-0

[Event "Leeuwarden op"]
[Site "Leeuwarden"]
[Date "1992.??.??"]
[Round "1"]
[White "De Jong, Tom"]
[Black "Brenninkmeijer, Joris"]
[Result "0-1"]
[WhiteElo "2330"]
[BlackElo "2485"]

1.e4 c5 2.Nf3 Nc6 3.d4 cxd4 4.Nxd4 Qc7 5.Nb5 Qb8 6.c4 Nf6 7.N5c3 e6 8.f4 d6
9.Be3 Be7 10.Be2 b6 11.O-O Bb7 12.Qd2 O-O 13.Bf3 Rd8 14.Rd1 Bf8 15.Na3 d5
16.exd5 exd5 17.cxd5 Nb4 18.Bd4 Nfxd5 19.Be5 Qc8 20.Nxd5 Bxd5 21.Bxd5 Rxd5
22.Qe2 Rxd1+ 23.Qxd1 Qf5 24.Kh1 Nd3 25.Qf3 Rc8 26.Bd4 Rd8 27.Bc3 Bxa3 28.bxa3 Qxf4
29.Qe2 Nf2+ 30.Kg1 Ng4 31.g3 Qe3+ 32.Qxe3 Nxe3 33.Re1 Rd3 34.Bd4 Rxd4 35.Rxe3 g6
36.Re7 a6 37.Re3 Rd2 38.Re8+ Kg7 39.Ra8 a5  0-1

[Event "Manila ol (Men)"]
[Site "Manila"]
[Date "1992.??.??"]
[Round "?"]
[White "Garcia, Gildardo"]
[Black "Grivas, Efstratios"]
[Result "1/2-1/2"]
[WhiteElo "2485"]
[BlackElo "2465"]

1.e4 c5 2.Nf3 Nc6 3.d4 cxd4 4.Nxd4 Qb6 5.Nb3 Nf6 6.Nc3 e6 7.Bd3 d6 8.f4 a6
9.Qf3 Be7 10.a4 Qc7 11.O-O O-O 12.a5 Nb4 13.Be3 Bd7 14.Bb6 Qb8 15.Kh1 e5
16.Nd2 exf4 17.Qxf4 Be6 18.Nf3 Nd7 19.Bd4 Qd8 20.Qg3 Nf6 21.Bb6 Nh5 22.Qf2 Qd7
23.Nd4 Nxd3 24.cxd3 g6 25.Qf3 Nf6 26.Nf5 Bxf5 27.exf5 Qc6 28.Ne4 Nxe4 29.dxe4 Bf6
30.Rac1 Qb5 31.b3 Rae8 32.Rfd1 Be5 33.Rc7 Rc8 34.Rdc1 Rxc7 35.Rxc7 Qb4 36.Rc1 Re8
37.Rf1 f6 38.fxg6 hxg6 39.Qg4 Kf7 40.Qh4 Kg7 41.Be3 Rh8 42.Qg4 Rxh2+ 43.Kg1 Qxb3
44.Qd7+ Qf7 45.Qxf7+ Kxf7 46.Rb1 Rh4 47.Rxb7+ Ke6 48.Ra7 Rxe4 49.Kf2 Kd5
50.Rxa6 Ra4 51.Ra8 Ke4 52.Bb6 Ra2+ 53.Kf1 Bg3 54.Re8+ Kd5 55.Ra8 Kc4 56.Re8 d5
57.Re3 Be5 58.Re2 Ra4 59.Kf2 d4 60.Kf3 Kd5 61.Rd2 Ra3+ 62.Kf2 Kc4 63.Rc2+ Kd3
64.Rb2 Kc3 65.Rb5 Kd3 66.Rb2 Ke4 67.Re2+ Kd5 68.Rb2 Bg3+ 69.Ke2 Ke4 70.Rb4 Ra2+
71.Kd1 Be5 72.Kc1 Kd5 73.Kb1 Re2 74.Rb5+ Kc6 75.Rb3 Rxg2 76.a6 Rg1+ 77.Ka2 Rh1
78.a7 Rh8 79.Kb1 Kd5 80.Ra3 Ra8 81.Kc2 Ke4 82.Rh3 Rc8+ 83.Kb3 Bf4 84.Rh7 d3
85.Rd7 d2 86.Ba5 g5 87.Bxd2 Bxd2 88.Rxd2 g4 89.Ra2 Ra8 90.Kc2 Kf3 91.Kd1 f5
92.Ke1 g3 93.Kf1 f4 94.Ra3+ Kg4 95.Kg2 f3+ 96.Rxf3 Rxa7 97.Rxg3+  1/2-1/2

[Event "Manila ol (Men)"]
[Site "Manila"]
[Date "1992.??.??"]
[Round "?"]
[White "Sax, Gyula"]
[Black "Urday, Henry"]
[Result "1-0"]
[WhiteElo "2600"]
[BlackElo "2480"]

1.e4 c5 2.Nf3 Nc6 3.d4 cxd4 4.Nxd4 Qb6 5.Nb3 Nf6 6.Nc3 e6 7.Bd3 d6 8.f4 a6
9.Qf3 Qc7 10.g4 Nd7 11.g5 Be7 12.Be3 b5 13.O-O-O Nb4 14.Kb1 Bb7 15.Qh3 O-O
16.Rhf1 Rfe8 17.f5 exf5 18.exf5 Nxd3 19.Rxd3 Nf8 20.f6 Bd8 21.Nd4 Bc8 22.Qf3 Rb8
23.fxg7 Kxg7 24.Nd5 Qb7 25.Nc7  1-0

[Event "Manila ol (Women)"]
[Site "Manila"]
[Date "1992.??.??"]
[Round "?"]
[White "Brustman, Agnieszka"]
[Black "Lumongdong, Lisa Karlina"]
[Result "1-0"]
[WhiteElo "2325"]
[BlackElo "2055"]

1.e4 c5 2.Nf3 Nc6 3.d4 cxd4 4.Nxd4 Qb6 5.Nb3 Nf6 6.Nc3 e6 7.Bd3 a6 8.O-O Be7
9.Kh1 O-O 10.Bg5 Qc7 11.Qe2 d6 12.f4 Re8 13.Rae1 Rb8 14.e5 Nd7 15.Bxh7+ Kxh7
16.Qd3+ Kg8 17.Bxe7 Nxe7 18.exd6 Qd8 19.dxe7 Qxe7 20.Nd4 Nc5 21.Qg3 Qf8 22.f5 Bd7
23.b4 e5 24.Rxe5 Rxe5 25.Qxe5 Na4 26.Nd5 Re8 27.Qg3 f6 28.Nc7 Re5 29.Nce6 Qe7
30.c4 Nb6 31.Qc3 Be8 32.a3 Bh5 33.Qh3 Bf7 34.Qg4 Bxe6 35.Nxe6 Nc8 36.c5 Na7
37.Rd1 Nc6  1-0

[Event "Manila ol (Men)"]
[Site "Manila"]
[Date "1992.??.??"]
[Round "?"]
[White "Thipsay, Praveen Mahadeo"]
[Black "Grivas, Efstratios"]
[Result "1-0"]
[WhiteElo "2485"]
[BlackElo "2465"]

1.e4 c5 2.Nf3 Nc6 3.d4 cxd4 4.Nxd4 Qb6 5.Nb3 Nf6 6.Nc3 e6 7.Bd3 d6 8.O-O Be7
9.Kh1 a6 10.f4 Qc7 11.Qf3 O-O 12.Bd2 b5 13.Rae1 Bb7 14.Qh3 Rad8 15.a3 Rfe8
16.Ne2 Bf8 17.Ned4 Nxd4 18.Ba5 Qd7 19.Bxd8 Qxd8 20.Nxd4 g6 21.f5 exf5 22.exf5 Bg7
23.Qh4 Re5 24.Nf3 Bxf3 25.gxf3 Qd7 26.Rxe5 dxe5 27.fxg6 hxg6 28.Rd1 Qe6 29.Be4 Bf8
30.Qe1 Bh6 31.Qe2 Nh5 32.Bd5 Qf6 33.Bb3 Nf4 34.Qf2 Qc6 35.Rf1 Qd7 36.c3 Bg5
37.Rd1 Qf5 38.Bc2 Qf6 39.Be4 Nh5 40.Qc5 Qe6 41.Rg1 Qf6 42.Qc6 Be3 43.Qxf6 Nxf6
44.Re1  1-0

[Event "Manila ol (Men)"]
[Site "Manila"]
[Date "1992.??.??"]
[Round "?"]
[White "Yasseen, Aly"]
[Black "Davidovic, Aleksandar"]
[Result "1/2-1/2"]
[WhiteElo "2305"]
[BlackElo "2410"]

1.e4 c5 2.Nf3 Nc6 3.d4 cxd4 4.Nxd4 Qb6 5.Nb3 Nf6 6.Nc3 e6 7.Bd3 a6 8.O-O Be7
9.a4 Qc7 10.a5 d6 11.Be3 Nd7 12.Na4  1/2-1/2

[Event "Manila ol (Women)"]
[Site "Manila"]
[Date "1992.??.??"]
[Round "?"]
[White "Licina, Anita"]
[Black "Erenska Radzewska, Hanna"]
[Result "0-1"]
[WhiteElo "2025"]
[BlackElo "2275"]

1.e4 c5 2.Nf3 Nc6 3.d4 cxd4 4.Nxd4 Qb6 5.Nb3 Nf6 6.Nc3 e6 7.Qe2 d6 8.f4 a6
9.g4 Be7 10.g5 Nd7 11.h4 Qc7 12.Bh3 b5 13.Be3 Nb6 14.Nd2 Bd7 15.Qf2 Bd8 16.O-O-O Qb7
17.Rhf1 Bc7 18.Bg2 O-O-O 19.e5 d5 20.Nb3 Nc4 21.Bc5 b4 22.Ne2 a5 23.Nd2 Qb5
24.Nxc4 Qxc4 25.Kb1 Kb8 26.Rc1 Bc8 27.b3 Qa6 28.c4 bxc3 29.Rxc3 Bb7 30.Rfc1 Rd7
31.Bf1 Qa8 32.Nd4 Nxd4 33.Qxd4 Ba6 34.Bxa6 Qxa6 35.Ba7+ Kb7 36.Qa4 Rhd8 37.Bg1 h6
38.Rc6 Qd3+ 39.Ka1 hxg5 40.hxg5 g6 41.b4 d4 42.bxa5 Bb8 43.Rb6+ Ka7 44.Qb4 Ka8
45.Qc5 Qe4 46.Qb5 Ba7 47.Qa6 Rb7 48.Rb3 Rdb8 49.Qc4 Rxb3 50.axb3 Qd5 51.Kb2 Qxa5
52.Rd1 Qb4 53.Qxb4 Rxb4 54.Rd3 Kb7 55.Bf2 Kc6 56.Be1 Rb8 57.b4 Kd5 58.Bd2 Ke4
59.Rb3 Bb6 60.b5 Rc8 61.Kb1 d3 62.Rb4+ Kf3 63.Rb3 Ke2  0-1

[Event "Manila ol (Women)"]
[Site "Manila"]
[Date "1992.??.??"]
[Round "?"]
[White "Erneste, Inguna"]
[Black "Makropoulou, Marina"]
[Result "1-0"]
[WhiteElo "2310"]
[BlackElo "2305"]

1.e4 c5 2.Nf3 Nc6 3.d4 cxd4 4.Nxd4 Qc7 5.Be2 e6 6.O-O Nf6 7.Nc3 a6 8.Be3 Be7
9.f4 d6 10.a4 O-O 11.Kh1 Bd7 12.Nb3 b6 13.Qe1 Nb4 14.Nd4 d5 15.e5 Ne4 16.Nxe4 dxe4
17.c3 Nd5 18.Bg1 f6 19.Qg3 f5 20.h4 Kh8 21.h5 Rg8 22.c4 Nb4 23.Be3 Bc5 24.b3 Qd8
25.Rad1 Qe7 26.Rd2 Rad8 27.Rfd1 Bc8 28.a5 Bxd4 29.Bxd4 e3 30.Bxe3 Rxd2 31.Rxd2 bxa5
32.Bf3 Bb7 33.Qg5 Qxg5 34.fxg5 Bxf3 35.gxf3 Re8 36.Rd6 Kg8 37.Bb6 Nc2 38.Bxa5 g6
39.hxg6 hxg6 40.Rxa6 Nd4 41.Kg2 Nxb3 42.Be1 Kf7 43.Kf2 Rc8 44.Ra4 Nc5 45.Ra7+ Ke8
46.Ke3 Rd8 47.Bb4 f4+ 48.Ke2 Nd7 49.Bd6 Rc8 50.Kd3 Kd8 51.Kd4 Rc6 52.c5 Rc8
53.Rb7 Rc6 54.Ra7 Rc8 55.Kc4 Nb6+ 56.Kb5 Nd5 57.c6 Nc3+ 58.Kc5 Nd5  1-0

[Event "Manila ol (Women)"]
[Site "Manila"]
[Date "1992.??.??"]
[Round "?"]
[White "Licina, Anita"]
[Black "Ribeiro, Joao Mario"]
[Result "1-0"]
[WhiteElo "2025"]
[BlackElo "2050"]

1.e4 c5 2.Nf3 Nc6 3.d4 cxd4 4.Nxd4 Qc7 5.Nc3 e6 6.g3 a6 7.Bg2 Nge7 8.O-O Ng6
9.Re1 Be7 10.Be3 O-O 11.a4 Na5 12.h4 Nc4 13.Bc1 Bb4 14.Nde2 b6 15.b3 Na5
16.Bb2 Bb7 17.Rf1 Nc6 18.Rc1 Rfd8 19.h5 Nge5 20.Nf4 Bf8 21.Nce2 b5 22.axb5 axb5
23.c3 Ra2 24.Rc2 Qb6 25.Nd4 Nxd4 26.cxd4 Nc6 27.Nd3 Nb4 28.Nxb4 Bxb4 29.d5 Bf8
30.Bxg7 Rxc2 31.Bf6 h6 32.Bxd8 Qc5 33.Bf6 Bg7 34.Qg4 Qf8 35.dxe6 fxe6 36.e5 Bxg2
37.Kxg2 Kh8 38.Qg6 Rc8 39.Qxh6+ Kg8 40.Qxg7+ Qxg7 41.Bxg7 Kxg7 42.f4 Kh6
43.g4 Rc3 44.Rf3 b4 45.Rh3 Rc2+ 46.Kg3 Rd2 47.g5+ Kh7 48.Kg4 d5 49.exd6 Rxd6
50.h6 Rd1 51.g6+ Kh8 52.Kg5 Rg1+ 53.Kf6 Rg4 54.Rd3 Rxf4+ 55.Ke7  1-0

[Event "Mesa op"]
[Site "Mesa"]
[Date "1992.??.??"]
[Round "?"]
[White "Menvielle Lacourrelle, Augusto"]
[Black "Urday, Henry"]
[Result "0-1"]
[WhiteElo "2355"]
[BlackElo "2480"]

1.e4 c5 2.Nf3 Nc6 3.d4 cxd4 4.Nxd4 Qb6 5.Nb3 Nf6 6.Nc3 e6 7.Bd3 d6 8.O-O Be7
9.Kh1 a6 10.f4 Qc7 11.Qf3 O-O 12.Bd2 b5 13.Rae1 b4 14.Ne2 Bb7 15.Qh3 Rfd8
16.c4 e5 17.f5 a5 18.Bg5 Nxe4 19.Bxe4 Bxg5 20.f6 g6 21.Qg4 Bh6 22.Qh4 Bf8
23.Rf3 Nb8 24.Rh3 h6 25.Nd2 Bxe4 26.Qxe4 Nd7 27.Rf1 d5 28.cxd5 Ra6 29.Rhf3 Nc5
30.Qc4 Qd6 31.Ng3 Qxd5 32.Qxd5 Rxd5 33.Nge4 Rc6 34.h3 Ne6 35.a3 Rc2 36.axb4 Bxb4  0-1

[Event "Montevideo ITT"]
[Site "Montevideo"]
[Date "1992.??.??"]
[Round "5"]
[White "Playa, Marcelo"]
[Black "Valiente, Cristobal"]
[Result "0-1"]
[WhiteElo "2390"]
[BlackElo "2345"]

1.e4 c5 2.Nf3 Nc6 3.d4 cxd4 4.Nxd4 Qc7 5.Nc3 e6 6.g3 a6 7.Bg2 Nge7 8.O-O Nxd4
9.Qxd4 Nc6 10.Qd1 Be7 11.f4 O-O 12.b3 b5 13.Bb2 Bb7 14.Qg4 f6 15.Rad1 Rad8
16.Ne2 Nb4 17.c3 Nc2 18.Bc1 Bc5+ 19.Kh1 f5 20.exf5 exf5 21.Qh3 Rde8 22.Ng1 Be3
23.Nf3 Bxc1 24.Rxc1 Re2 25.Rg1 Ne3 26.Rce1 Rxe1 27.Nxe1 Nxg2 28.Nxg2 Qxc3
29.Qh4 Re8 30.h3 Qf3 31.Kh2 Bc6 32.g4 Re2 33.Qg3 fxg4 34.hxg4 Rxa2  0-1

[Event "Moscow ZSKS"]
[Site "Moscow"]
[Date "1992.??.??"]
[Round "?"]
[White "Totsky, Leonid"]
[Black "Karasev, Vladimir I"]
[Result "0-1"]
[WhiteElo "2435"]
[BlackElo "2380"]

1.e4 c5 2.Nf3 Nc6 3.d4 cxd4 4.Nxd4 Qb6 5.Nb3 Nf6 6.Nc3 e6 7.Bd3 Bb4 8.O-O O-O
9.Bg5 Bxc3 10.bxc3 Ne8 11.e5 Nxe5 12.Be7 Nf6 13.Bxf8 Kxf8 14.Be2 Qc7 15.Qd4 b6
16.f4 Nc6 17.Qd3 Bb7 18.Nd4 Ne7 19.Nb5 Qc5+ 20.Qd4 Qc6 21.Bf3 Qxb5 22.Bxb7 Rb8
23.Be4 Rc8 24.Bd3 Qc5 25.a4 Qxc3 26.Qxc3 Rxc3 27.a5 Ned5 28.g3 Nb4 29.Rf2 Nxd3
30.cxd3 Rxd3 31.Rc2 Nd5 32.Rc8+ Ke7 33.Ra8 bxa5 34.Rxa7 f5 35.R7xa5 Nb4 36.Re1 Nc2
37.Re2 Nd4 38.Rea2 Nc6 39.R5a3 Rd1+ 40.Kg2 h6 41.Ra8 Nb4 42.Re2 Nd5 43.h4 Nc3
44.Rb2 Ne4 45.Ra3 Kf6 46.Rc2 Kg6 47.Rb2 Kh5 48.Kh3 g5 49.hxg5 hxg5 50.fxg5 Nxg5+
51.Kg2 Ne4 52.Ra8 Kg6 53.Rg8+ Kf7 54.Rgb8 Kf6 55.Rf8+ Ke5 56.Rfb8 d5 57.R8b5 Kf6
58.R5b4 Rc1 59.Kf3 Rg1 60.Rg2 Ng5+ 61.Kf2 Rh1 62.Ke3 Ke5 63.Rbb2 Ne4 64.Kf3 Rh3
65.Rb8 f4 66.Kg4 Rxg3+ 67.Rxg3 Nxg3 68.Rb4 Ne2 69.Rb2 Nc3 70.Rc2 d4 71.Kf3 Kf5
72.Rh2 Ne4 73.Rh4 Ng5+ 74.Ke2 e5 75.Kd3 f3 76.Rh8 Ne6 77.Rh5+ Kg4 78.Rh1 Nc5+
79.Kc4 Ne4 80.Kd5 Ng3 81.Rh2 Kf4  0-1

[Event "Muenster"]
[Site "Muenster"]
[Date "1992.??.??"]
[Round "1"]
[White "Emunds, Hans Georg"]
[Black "Luecke, Norbert"]
[Result "0-1"]
[WhiteElo "2315"]
[BlackElo "2410"]

1.e4 c5 2.Nf3 Nc6 3.d4 cxd4 4.Nxd4 Qb6 5.Nb3 Nf6 6.Nc3 e6 7.Bg5 Be7 8.Qd2 a6
9.O-O-O O-O 10.f4 h6 11.Bxf6 Bxf6 12.h4 d5 13.e5 Be7 14.g4 a5 15.Nb5 a4 16.N3d4 a3
17.b3 Bd7 18.Kb1 Rfc8 19.c3 Ra5 20.Bd3 Nd8 21.Qe2 Bxb5 22.Nxb5 Rc5 23.c4 dxc4
24.bxc4 Ra4  0-1

[Event "Muenster"]
[Site "Muenster"]
[Date "1992.??.??"]
[Round "7"]
[White "Schaefer, Markus"]
[Black "Luecke, Norbert"]
[Result "1/2-1/2"]
[WhiteElo "2435"]
[BlackElo "2410"]

1.e4 c5 2.Nf3 Nc6 3.d4 cxd4 4.Nxd4 Qb6 5.Nb3 Nf6 6.Nc3 e6 7.Bd3 Be7 8.Be3 Qc7
9.f4 d6 10.Qf3 a6 11.O-O O-O 12.g4 b5 13.g5 Nd7 14.Qh5 Re8 15.Rf3 Nb4 16.Bd4 e5
17.fxe5 Nxe5 18.Bxe5 g6 19.Rxf7 Qa7+ 20.Bd4 gxh5  1/2-1/2

[Event "Oberwart op"]
[Site "Oberwart"]
[Date "1992.??.??"]
[Round "7"]
[White "Freitag, Manfred"]
[Black "Titz, Heimo"]
[Result "1-0"]
[WhiteElo "2245"]
[BlackElo "2345"]

1.e4 c5 2.Nf3 Nc6 3.d4 cxd4 4.Nxd4 Qc7 5.Nc3 e6 6.Be2 a6 7.O-O Nf6 8.Kh1 Nxd4
9.Qxd4 Bc5 10.Qd3 h5 11.f4 Ng4 12.Bxg4 hxg4 13.Be3 b5 14.Bxc5 Qxc5 15.e5 Bb7
16.Ne4 Bxe4 17.Qxe4 Rc8 18.c3 f5 19.Qd3 Qc6 20.Rad1 Rh3 21.Qxd7+ Qxd7 22.Rxd7 Kxd7
23.gxh3 gxh3 24.Rf3 Rc4 25.Kg1 Re4 26.Kf2 Ke7 27.Kg3 g5 28.fxg5 Rxe5 29.Kh4 Re2
30.Rxh3 Rxb2 31.Kh5 Rxa2 32.Kg6 a5 33.Rh7+ Kd6 34.Kf7 f4 35.Rh6 Kd5 36.g6 Rg2
37.g7 f3 38.Rf6 a4 39.Rxf3 a3 40.c4+ Kxc4 41.Rxa3 Rxg7+ 42.Kxg7 e5 43.Kf6  1-0

[Event "RUS-ch"]
[Site "Orel"]
[Date "1992.??.??"]
[Round "?"]
[White "Semeniuk, Alexander A"]
[Black "Karasev, Vladimir I"]
[Result "1/2-1/2"]
[WhiteElo "2370"]
[BlackElo "2380"]

1.e4 c5 2.Nf3 Nc6 3.d4 cxd4 4.Nxd4 Qb6 5.Nb3 Nf6 6.Nc3 e6 7.Bd3 Bb4 8.O-O O-O
9.Bg5 Bxc3 10.bxc3 Ne8 11.Qh5 f6 12.Be3 Qc7 13.f4 g6 14.Qh6 d6 15.Rf3 Qg7
16.Qh4 Bd7 17.Rg3 Kh8 18.Nd4 Nxd4 19.cxd4 f5 20.Rb1 b6 21.exf5 exf5 22.d5 Kg8
23.Rh3 Rf7 24.Kh1 Nf6 25.Bd4 Re8 26.Kg1 h5 27.a4 Qf8 28.Qg5 Qg7 29.c3 Nh7
30.Qh4 Nf6 31.Ra1 Kh7 32.Qg5 Qf8 33.a5 Ng4 34.axb6 axb6 35.Bxb6 Rfe7 36.Qh4 Qf6
37.Qxf6 Nxf6 38.c4 Re1+ 39.Rxe1 Rxe1+ 40.Kf2 Ra1 41.Ke3 Ra2 42.Bf1 Ne4 43.Be2 Rb2
44.Bc7 Rb7 45.Bd8 Rb8 46.Bh4 Rb2 47.Rf3 Kg7 48.Rf1 Rb3+ 49.Kd4 Rb2 50.Re1 Ba4
51.Bf3 Rd2+ 52.Ke3 Rc2 53.Be2 Bb3 54.Kd4 Kf7 55.g3 Ra2 56.h3 Rd2+ 57.Ke3 Rc2
58.Bd3 Rh2 59.Rb1 Nc5 60.Bf1 Rc2 61.Kd4 Rf2 62.Re1 Ba4 63.Re7+ Kf8 64.Be2 Rg2
65.Re3 Kf7 66.Bd8 Ne4 67.Bd3 Rxg3 68.Rxg3 Nxg3 69.Bc7 Ke7 70.c5 dxc5+ 71.Ke5 Ne4
72.d6+ Ke8 73.Bc4 Bd7 74.Bb6 h4 75.Ba5 g5 76.fxg5 Nxg5  1/2-1/2

[Event "RUS-ch"]
[Site "Orel"]
[Date "1992.??.??"]
[Round "?"]
[White "Yemelin, Vasily"]
[Black "Landa, Konstantin"]
[Result "0-1"]
[WhiteElo "2380"]
[BlackElo "2440"]

1.e4 c5 2.Nf3 Nc6 3.d4 cxd4 4.Nxd4 Qc7 5.Nc3 e6 6.Be2 a6 7.Be3 Nf6 8.a3 b5
9.f4 Nxd4 10.Qxd4 Bb7 11.O-O Rc8 12.Bf3 h5 13.e5 Ng4 14.Kh1 Nh6 15.Qd3 Nf5
16.Bf2 Bxf3 17.Qxf3 Qc6 18.Qxc6 Rxc6 19.Rac1 Bxa3 20.Nxb5 Bxb2 21.Rb1 axb5
22.Rxb2 O-O 23.Rd1 Rfc8 24.Rxb5 Rxc2 25.Bg1 h4 26.Rb3 R8c3 27.Rxc3 Rxc3 28.Rxd7 Rc4
29.Rd8+ Kh7 30.Rd7 Kg6 31.Bf2 Rxf4 32.Kg1 Re4 33.Ra7 Rxe5 34.h3 Re4 35.Kh2 e5
36.Ra6+ f6  0-1

[Event "Pardubice op"]
[Site "Pardubice"]
[Date "1992.??.??"]
[Round "8"]
[White "Repkova Eid, Eva"]
[Black "Zhelnin, Vladimir V"]
[Result "0-1"]
[WhiteElo "2250"]
[BlackElo "2435"]

1.e4 c5 2.Nf3 Nc6 3.d4 cxd4 4.Nxd4 Qb6 5.Nb5 a6 6.Be3 Qa5+ 7.N5c3 e6 8.Nd2 b5
9.Bd3 Qc7 10.f4 d6 11.O-O Nf6 12.Qf3 Bb7 13.Qh3 Be7 14.Rae1 Nb4 15.a3 Nxd3
16.cxd3 Rd8 17.Nf3 O-O 18.Nd4 Rfe8 19.Rf3 Nd7 20.Rg3 Bf6 21.Nf3 Nf8 22.e5 dxe5
23.fxe5 Bxe5 24.Nxe5 Qxe5 25.Rg5 Qc7 26.Rf1 f5 27.d4 Ng6 28.Ne2 Qc4 29.Nf4 Nxf4
30.Rxf4 Rd7 31.Qh5 Rf7 32.Rh4 Kf8 33.Bd2 a5 34.h3 h6 35.Rg6 Ra8 36.Kh2 Bd5
37.Bf4 Ra6 38.Be5 Qc1 39.Qe2 Rb6 40.Qf2 Rc6 41.Qg3 Rc2 42.Bxg7+ Ke7 43.Qb8 Qxb2
44.Bf6+ Rxf6 45.Rg7+ Rf7 46.Qa7+ Kd6 47.Qb6+ Bc6 48.Qb8+ Kd5 49.Qe5+ Kc4
50.d5+ Kb3 51.Rg3+ Ka2 52.Qxe6 Rf6 53.Qg8 Bd7 54.Rf4 Qe5 55.Rff3 Rd6 56.Qa8 f4
57.Rg8 Qxd5  0-1

[Event "Paris-ch"]
[Site "Paris"]
[Date "1992.??.??"]
[Round "1"]
[White "Schabanel, Stephane"]
[Black "Pira, Davoud"]
[Result "1/2-1/2"]
[WhiteElo "2230"]
[BlackElo "2335"]

1.e4 c5 2.Nf3 Nc6 3.d4 cxd4 4.Nxd4 Qc7 5.Nc3 e6 6.Be2 a6 7.O-O Nf6 8.Be3 Be7
9.f4 d6 10.a4 O-O 11.Kh1 Rd8 12.Bd3 e5 13.fxe5 dxe5 14.Nf5 Bxf5 15.Rxf5 Nb4
16.Qg1 Nd7 17.Qf1 Nf6 18.Qg1 Rd6 19.Bc5 Rc6 20.Bxb4 Bxb4 21.Nd5 Nxd5 22.exd5 Rb6
23.Rxe5 Qxe5 24.Qxb6 Bd6 25.Qg1 Re8 26.b3 Qxd5 27.Re1 Rxe1 28.Qxe1 g6 29.Qe2 Bc5
30.Qe4 Qd7 31.g3 a5 32.Kg2 b6 33.Qa8+ Kg7 34.Qe4 Qd6 35.Bc4 Qd2+ 36.Qe2 Qd4
37.Qf3 Qd2+ 38.Qe2 Qc3 39.Qd3 Qe1 40.Qe2 Qg1+ 41.Kh3 Qd4 42.Kg2 Qb2 43.Kh3 h5
44.Qe8 Qf6 45.Qe2 Bd4 46.Qf1 Qe7 47.Qe2 Be5 48.Qe4 Qd7+ 49.Kg2 Qc7 50.Qd3 h4
51.gxh4  1/2-1/2

[Event "Paris-ch"]
[Site "Paris"]
[Date "1992.??.??"]
[Round "2"]
[White "Murrey, Jacob"]
[Black "Payen, Arnaud"]
[Result "1-0"]
[WhiteElo "2445"]
[BlackElo "2305"]

1.e4 c5 2.Nf3 Nc6 3.d4 cxd4 4.Nxd4 Qb6 5.Nb5 Nf6 6.Be3 Qd8 7.N1c3 a6 8.Nd4 d6
9.f3 g6 10.Qd2 Bg7 11.O-O-O O-O 12.g4 Bxg4 13.fxg4 Nxg4 14.Nxc6 bxc6 15.Bf4 Qa5
16.Bc4 Rab8 17.Bb3 Bxc3 18.Qxc3 Qxc3 19.bxc3 Nf2 20.Rdf1 Nxh1 21.Bh6 a5 22.Bxf8 Rxf8
23.Kb2 Kg7 24.Rxh1 Rb8 25.Ka3 Rb5 26.Rf1 e6 27.Rd1 d5 28.exd5 cxd5 29.c4 dxc4
30.Bxc4 Rc5 31.Kb3 g5 32.Rd7 Kg6 33.Bd3+ f5 34.Re7 Rc6 35.Bb5 Rd6 36.Be8+ Kf6
37.Rxh7 Rd4 38.c4 Rd8 39.Rh6+ Ke7 40.Bb5 Kd6 41.Ka4 Ra8 42.c5+ Kxc5 43.Rxe6 Kd4
44.Rg6 g4 45.Bd7 Rf8 46.a3 Ke3 47.Bxf5 Rxf5 48.Rxg4  1-0